| 000 | 00761nam a2200205 4500 | ||
|---|---|---|---|
| 001 | 144902 | ||
| 003 | ES-MaACL | ||
| 005 | 20230906201125.0 | ||
| 007 | t| | ||
| 008 | 070214s1977 sp r ||||1| spa d | ||
| 100 | 0 |
_aSmith, C. U. M ( _qChristopher Upham Murray) _9106854 |
|
| 245 | 1 | 3 |
_aEl problema de la vida _b: (ensayo sobre los origenes del pensamiento biológico) / _cC. U. M. Smith ; versión española de Natividad Sánchez Sainz-Trápaga. |
| 260 |
_aMadrid : _bAlianza, _c1977 ( _fMinuesa) |
||
| 300 |
_a448 p. : _bil. ; _c20 cm. |
||
| 490 | 1 |
_aAlianza Universidad ; _v200 |
|
| 700 | 1 |
_aSánchez Sáinz-Trápaga, Natividad. _9102913 |
|
| 830 | 0 |
_aAlianza Universidad ; _v200 _9177276 |
|
| 852 |
_aES-MaACL _jA-7801 _bR.96964 |
||
| 999 |
_c144902 _d144902 |
||